000 00965nam a22002657a 4500
005 20150817105122.0
008 150817b sp||||| |||| 00| 0 spa d
020 _a9788492649327
050 0 4 _aR723
_bS93 2010
100 1 _aAzczeklik, Andrzej
245 1 0 _aCatarsis :
_bsobre el poder curativo de la naturaleza y del arte /
_cAndrzej Szczeklik ; Prólogo de Czeslaw Milosz ; Traducción del Polaco de J. Slawomirski y A. Rubio
250 _a1a ed.
260 _aBarcelona :
_bAcantilado,
_c2010
300 _a207 p. :
_bil. ;
_c21 cm
440 0 _aAcantilado ;
_v196
500 _aTraducción de : Katharsis : O uzdrowicielskiej mocy natury i sztuki
504 _aIncluye referencias bibliograficas e índice
650 4 _aMedicina
_xFilosofía
650 4 _aCatarsis (Psicoanalisis)
650 4 _aMedicina
_xHistoria
700 1 _aMilosz, Czeslaw,
_qProlog
700 1 _aSlawomirski, Jerzy,
_qtr.
700 1 _aRubio, A.
_qtr.
942 _2lcc
_cLIB
999 _c98313
_d98313